| 000 | 00824nam a2200241Ia 4500 | ||
|---|---|---|---|
| 003 | OSt | ||
| 005 | 20220923222011.0 | ||
| 006 | a|||||r|||| 00| 0 | ||
| 007 | ta | ||
| 008 | 220922b |||||||| |||| 00| 0 hin d | ||
| 024 | _a201,583 | ||
| 037 | _cTextual | ||
| 040 |
_aARTS _cARTS _bhin |
||
| 041 |
_2hin _ahin |
||
| 082 | _aV2,4.N7, 152L2 | ||
| 100 | _aकाश्यप, सुभाष | ||
| 245 | 0 | _aभारत के राजनीतिक दल नीतियॉं और कार्यक्रम | |
| 246 | _aBhārat ke rājanītik dal nītiyaॉan aur kāryakrama | ||
| 260 |
_aदिल्ली _b रिसर्व पब्लि0 _c1972 |
||
| 300 |
_a242पृ. _ccm. |
||
| 942 |
_hV2,4.N7, 152L2 _cTEXL _2CC |
||
| 999 |
_c353236 _d353236 |
||